hotel
Gespeichert in:
| 1. Verfasser: | |
|---|---|
| Weitere Verfasser: | |
| Format: | Manuskript Buch |
| Sprache: | Slowakisch |
| Veröffentlicht: |
2024
|
| Schlagworte: | |
| Online-Zugang: | http://is.stuba.sk/zp/portal_zp.pl?podrobnosti=176848 https://opac.crzp.sk/?fn=detailBiblioForm&sid=9A7D98113A4E7D6F03AF71A0EB46 |
| Tags: |
Keine Tags, Fügen Sie das erste Tag hinzu!
|
MARC
| LEADER | 00000ntm a22000003a 4500 | ||
|---|---|---|---|
| 001 | stuzp100093 | ||
| 003 | SK-STU | ||
| 005 | 20240930103538.0 | ||
| 007 | ta | ||
| 008 | 150427s2015----xo-----f-mn---000-0-slo-d | ||
| 040 | |a STU |b slo | ||
| 041 | 0 | |a slo | |
| 100 | 1 | |a Zajac, Patrik |u 010310 |4 aut |U SvF Stavebná fakulta |T SvF Katedra architektúry |X 93387 |U V181|V310 |Y 19 |7 93387 | |
| 242 | 0 | 1 | |a Hotel |y eng |
| 245 | 1 | 0 | |a hotel |
| 260 | |c 2024 | ||
| 650 | 4 | |a Hotel |2 slo | |
| 650 | 4 | |a Wellness |2 slo | |
| 650 | 4 | |a Banská Štiavnica |2 slo | |
| 650 | 4 | |a Konferencia |2 slo | |
| 650 | 4 | |a Wellness |2 eng | |
| 650 | 4 | |a Banská Štiavnica |2 eng | |
| 650 | 4 | |a Conference |2 eng | |
| 650 | 4 | |a Hotel |2 eng | |
| 700 | 1 | |a Húsenicová, Jarmila |4 ths |X 901 |7 A000000901 | |
| 856 | 4 | |u http://is.stuba.sk/zp/portal_zp.pl?podrobnosti=176848 | |
| 856 | 4 | |u https://opac.crzp.sk/?fn=detailBiblioForm&sid=9A7D98113A4E7D6F03AF71A0EB46 | |